Rainbow six siege operator abilities - Statistics

General Stats
  • This quiz has been taken 1,512 times
    1,480 since last reset
  • The average score is 4 of 28
Answer Stats
Hint Answer % Correct
thatcher Emp
93%
sledge sledgehammer
48%
doc Stim pistol
24%
caviera silent step
22%
frost welcome mat
22%
buck skeleton key
21%
jager active defense system
20%
echo yokai
18%
fuze cluster charge
16%
thermite exo thermic charge
16%
pulse heart beat sensor
13%
bandit shock wire
13%
blitz flash shield
11%
montagne extendable shield
10%
smoke Remote Gas Grenade
9%
ash breaching rounds
8%
valkyrie black eye's
6%
glaz HDS flip sight
6%
mute jammers
5%
i.q electronics detector
4%
capitaó tactical crossbow
3%
castle armor panels
2%
hibana X-kairos launcher
2%
rook deployable armor
1%
blackbeard deployable shield
1%
recruit no ability
1%
tachanka RP-46 Degtyaryov machine gun
1%
kapkan trip wires
1%
No matching quizzes found
Score Distribution
Percent of People with Each Score
Percentile by Number Answered
Your Score History
You have not taken this quiz since the last reset